Cartagena y sus cercanias : (Registro nro. 30479)
[ vista simple ]
| 000 -LEADER | |
|---|---|
| fixed length control field | 01078nam a2200253Ia 4500 |
| 003 - CONTROL NUMBER IDENTIFIER | |
| control field | CO-CtgCURN |
| 005 - DATE AND TIME OF LATEST TRANSACTION | |
| control field | 20250409212009.0 |
| 008 - FIXED-LENGTH DATA ELEMENTS--GENERAL INFORMATION | |
| fixed length control field | 190726s2011 xx g 000 0 spa d |
| 020 ## - INTERNATIONAL STANDARD BOOK NUMBER | |
| International Standard Book Number | 9789588736044 (vol1)978-958-8736-05-1 (vol.2) |
| 040 ## - CATALOGING SOURCE | |
| Original cataloging agency | CO-CtgCURN |
| Language of cataloging | spa |
| Transcribing agency | coctgcurn |
| 082 ## - DEWEY DECIMAL CLASSIFICATION NUMBER | |
| Classification number | 986.114 |
| Item number | U82c |
| 100 ## - MAIN ENTRY--PERSONAL NAME | |
| Personal name | Urueta, Jose P. |
| 9 (RLIN) | 1702 |
| 245 #0 - TITLE STATEMENT | |
| Title | Cartagena y sus cercanias : |
| Remainder of title | guia descriptiva de la capital del Departamento de Bolívar / |
| Statement of responsibility, etc. | Jose P. Urueta, Eduardo G. de Piñerez |
| 260 ## - PUBLICATION, DISTRIBUTION, ETC. | |
| Place of publication, distribution, etc. | Cartagena de Indias, Bolívar : |
| Name of publisher, distributor, etc. | Universidad de Cartagena, |
| Date of publication, distribution, etc. | 2011 |
| 300 ## - PHYSICAL DESCRIPTION | |
| Extent | 2 volúmes ; |
| Dimensions | 21 centímetros |
| 490 ## - SERIES STATEMENT | |
| Series statement | Colección Biblioteca Bicentenario de la Independencia de Cartagena de Indias |
| 521 ## - TARGET AUDIENCE NOTE | |
| Target audience note | AREA BASICA |
| 590 ## - LOCAL NOTE (RLIN) | |
| Local note | Todos los programas acádemicos |
| 651 ## - SUBJECT ADDED ENTRY--GEOGRAPHIC NAME | |
| Geographic name | Cartagena de Indias |
| General subdivision | Historia |
| Geographic subdivision | Colombia |
| 9 (RLIN) | 1703 |
| 700 ## - ADDED ENTRY--PERSONAL NAME | |
| Personal name | Piñerez, Eduardo G. de |
| 9 (RLIN) | 1704 |
| 942 ## - ADDED ENTRY ELEMENTS (KOHA) | |
| Koha item type | Libros |
| Classification part | 986.114 |
| Item part | U82c |
| Source of classification or shelving scheme | Dewey Decimal Classification |
| Withdrawn status | Lost status | Source of classification or shelving scheme | Damaged status | Not for loan | Collection | Home library | Current library | Shelving location | Date acquired | Inventory number | Total checkouts | Full call number | Barcode | Date last seen | Copy number | Price effective from | Koha item type |
|---|---|---|---|---|---|---|---|---|---|---|---|---|---|---|---|---|---|
| Dewey Decimal Classification | Miguel Henríquez Castañeda Barranquilla | Miguel Henríquez Castañeda Barranquilla | General | 05/23/2018 | 03903 | 986.114 U82c | 03903 | 07/26/2019 | ej.1 | 07/26/2019 | Libros | ||||||
| Dewey Decimal Classification | Miguel Henríquez Castañeda Barranquilla | Miguel Henríquez Castañeda Barranquilla | General | 05/23/2018 | 03904 | 986.114 U82c | 03904 | 07/26/2019 | ej.2 | 07/26/2019 | Libros |